[Event "Skalica Open 2019"]
[Site "Skalica"]
[Date "2019.08.30"]
[Round "8.6"]
[White "Manik, Mikulas"]
[Black "Khmelev, Mikhail"]
[Result "1-0"]
[WhiteElo "2374"]
[BlackElo "2021"]
[Annotator "NA"]
[PlyCount "109"]
[EventDate "2019.08.25"]
[EventType "swiss"]
[EventCountry "SVK"]
[SourceTitle "playchess.com"]
[Source "ChessBase"]
[SourceQuality "1"]
[TimeControl "40/5400+30:1800+30"]

1. e4 {[%emt 0:00:00]} c5 {[%emt 0:00:00]} 2. Nf3 {[%emt 0:00:00]} Nc6 {[%emt 0:00:00]} 3. Nc3 {[%emt 0:00:00]} e6 {[%emt 0:00:35]} 4. d4 {[%emt 0:00:00]} cxd4 {[%emt 0:00:06]} 5. Nxd4 {[%emt 0:00:00]} Qc7 {[%emt 0:00:05]} 6. Be3 {[%emt 0:00:08]} a6 {[%emt 0:00:13]} 7. a3 {[%emt 0:00:28]} Be7 {[%emt 0:09:43]} 8. f4 {[%emt 0:02:45]} b5 {[%emt 0:01:03]} 9. Nxc6 {[%emt 0:05:17]} Qxc6 {[%emt 0:00:22]} 10. Be2 {[%emt 0:11:52]} Bb7 {[%emt 0:04:17]} 11. Bf3 {[%emt 0:00:11]} Bh4+ {[%emt 0:00:10]} 12. g3 {[%emt 0:00:52]} Bf6 {[%emt 0:00:05]} 13. Bd4 {[%emt 0:03:07]} Rc8 {[%emt 0:01:53]} 14. O-O {[%emt 0:09:03]} Bxd4+ {[%emt 0:00:06]} 15. Qxd4 {[%emt 0:00:05]} Qc5 {[%emt 0:00:03]} 16. Rad1 {[%emt 0:02:52]} Ne7 {[%emt 0:00:11]} 17. Rf2 {[%emt 0:09:07]} Qxd4 {[%emt 0:00:15]} 18. Rxd4 {[%emt 0:00:02]} Nc6 {[%emt 0:00:19]} 19. Rd6 {[%emt 0:00:14]} Na5 {[%emt 0:00:34]} 20. e5 {[%emt 0:00:16]} Bc6 {[%emt 0:02:44]} 21. Bxc6 {[%emt 0:04:54]} Rxc6 {[%emt 0:00:16]} 22. Rxc6 {[%emt 0:02:14]} dxc6 {[%emt 0:00:07]} 23. b3 {[%emt 0:04:18]} Ke7 {[%emt 0:00:16]} 24. Rd2 {[%emt 0:01:15]} Nb7 {[%emt 0:00:07]} 25. Ne4 {[%emt 0:00:16]} h6 {[%emt 0:01:04]} 26. Kf2 {[%emt 0:00:32]} Rd8 {[%emt 0:01:26]} 27. Rxd8 {[%emt 0:00:10]} Kxd8 {[%emt 0:00:05]} 28. Ke3 {[%emt 0:02:34]} c5 {[%emt 0:01:04]} 29. b4 {[%emt 0:00:27]} cxb4 {[%emt 0:00:05]} 30. axb4 {[%emt 0:00:04]} Kd7 {[%emt 0:00:04]} 31. Kd4 {[%emt 0:00:52]} Kc6 {[%emt 0:00:06]} 32. g4 {[%emt 0:00:40]} g6 {[%emt 0:19:53]} 33. h4 {[%emt 0:04:28]} a5 {[%emt 0:00:39]} 34. bxa5 {[%emt 0:00:33]} Nxa5 {[%emt 0:00:03]} 35. Ng5 {[%emt 0:05:08]} Kd7 {[%emt 0:12:14]} 36. Nxf7 {[%emt 0:01:30]} h5 {[%emt 0:00:05]} 37. gxh5 {[%emt 0:03:58]} gxh5 {[%emt 0:00:04]} 38. Ng5 {[%emt 0:00:28]} b4 {[%emt 0:00:42]} 39. Ne4 {[%emt 0:00:44]} Ke7 {[%emt 0:00:25]} 40. Ng3 {[%emt 0:00:11]} b3 {[%emt 0:00:05]} 41. cxb3 {[%emt 0:30:06]} Nxb3+ {[%emt 0:30:03]} 42. Ke3 {[%emt 0:00:14]} Kf7 {[%emt 0:03:40]} 43. Nxh5 {[%emt 0:00:06]} Kg6 {[%emt 0:00:05]} 44. Ng3 {[%emt 0:00:06]} Nc5 {[%emt 0:01:25]} 45. Kd4 {[%emt 0:00:41]} Nd7 {[%emt 0:00:07]} 46. Kc4 {[%emt 0:01:10]} Nb6+ {[%emt 0:02:59]} 47. Kc5 {[%emt 0:00:13]} Nd5 {[%emt 0:00:05]} 48. f5+ {[%emt 0:00:21]} Kf7 {[%emt 0:00:03]} 49. Kd6 {[%emt 0:00:33]} Nf4 {[%emt 0:00:06]} 50. f6 {[%emt 0:01:12]} Ng2 {[%emt 0:00:13]} 51. Ne4 {[%emt 0:00:30]} Nxh4 {[%emt 0:00:41]} 52. Ng5+ {[%emt 0:00:13]} Kg6 {[%emt 0:00:48]} 53. f7 {[%emt 0:00:49]} Kg7 {[%emt 0:02:10]} 54. Kxe6 {[%emt 0:00:11]} Ng6 {[%emt 0:00:28]} 55. Kd6 {[%emt 0:00:07]} 1-0

[Event "Skalica Open 2019"]
[Site "Skalica"]
[Date "2019.08.30"]
[Round "8.7"]
[White "Aleksandrovskiy, Dmitriy"]
[Black "Skalsky, Alexandr"]
[Result "1-0"]
[WhiteElo "2284"]
[BlackElo "2128"]
[Annotator "NA"]
[PlyCount "89"]
[EventDate "2019.08.25"]
[EventType "swiss"]
[EventCountry "SVK"]
[SourceTitle "playchess.com"]
[Source "ChessBase"]
[SourceQuality "1"]
[TimeControl "40/5400+30:1800+30"]

1. d4 {[%emt 0:00:00]} Nf6 {[%emt 0:00:00]} 2. c4 {[%emt 0:00:00]} g6 {[%emt 0:00:00]} 3. Nc3 {[%emt 0:00:00]} d5 {[%emt 0:00:00]} 4. Nf3 {[%emt 0:00:38]} Bg7 {[%emt 0:00:00]} 5. h4 {[%emt 0:01:21]} dxc4 {[%emt 0:02:06]} 6. e4 {[%emt 0:00:22]} c5 {[%emt 0:01:22]} 7. d5 {[%emt 0:00:26]} b5 {[%emt 0:00:09]} 8. h5 {[%emt 0:00:08]} O-O {[%emt 0:04:25]} 9. hxg6 {[%emt 0:00:06]} fxg6 {[%emt 0:00:58]} 10. e5 {[%emt 0:00:06]} Ng4 {[%emt 0:03:06]} 11. d6 {[%emt 0:00:06]} e6 {[%emt 0:04:47]} 12. Rxh7 {[%emt 0:00:07]} Rf5 {[%emt 0:00:54]} 13. Rxg7+ {[%emt 0:07:20]} Kxg7 {[%emt 0:00:06]} 14. Nxb5 {[%emt 0:01:19]} Qa5+ {[%emt 0:07:43]} 15. Nc3 {[%emt 0:00:10]} Nxe5 {[%emt 0:21:54]} 16. Ng5 {[%emt 0:04:01]} Nbc6 {[%emt 0:11:13]} 17. f4 {[%emt 0:02:38]} Nd3+ {[%emt 0:06:43]} 18. Bxd3 {[%emt 0:00:05]} cxd3 {[%emt 0:00:01]} 19. Qxd3 {[%emt 0:00:17]} Bd7 {[%emt 0:05:52]} 20. g4 {[%emt 0:04:29]} Rd5 {[%emt 0:04:43]} 21. Qe4 {[%emt 0:02:06]} Rxd6 {[%emt 0:02:09]} 22. Bd2 {[%emt 0:00:09]} Qb4 {[%emt 0:05:38]} 23. O-O-O {[%emt 0:00:19]} Qxe4 {[%emt 0:05:51]} 24. Ncxe4 {[%emt 0:01:25]} Rd5 {[%emt 0:08:48]} 25. Bc3+ {[%emt 0:00:05]} Nd4 {[%emt 0:00:15]} 26. Nxc5 {[%emt 0:01:12]} e5 {[%emt 0:00:01]} 27. Nxd7 {[%emt 0:00:55]} Rxd7 {[%emt 0:02:29]} 28. Re1 {[%emt 0:00:17]} Kg8 {[%emt 0:01:56]} 29. Rxe5 {[%emt 0:06:41]} Rf8 {[%emt 0:00:11]} 30. a4 {[%emt 0:00:09]} Nb3+ {[%emt 0:01:03]} 31. Kc2 {[%emt 0:00:08]} Nd4+ {[%emt 0:00:01]} 32. Kb1 {[%emt 0:00:12]} Nc6 {[%emt 0:00:50]} 33. Re6 {[%emt 0:00:33]} Ne7 {[%emt 0:00:13]} 34. Bb4 {[%emt 0:01:33]} Rxf4 {[%emt 0:00:58]} 35. Bxe7 {[%emt 0:00:10]} Rxe7 {[%emt 0:00:33]} 36. Rxe7 {[%emt 0:00:05]} Rxg4 {[%emt 0:00:01]} 37. Ne6 {[%emt 0:00:14]} Rxa4 {[%emt 0:00:59]} 38. Rg7+ {[%emt 0:00:12]} Kh8 {[%emt 0:00:02]} 39. Rxg6 {[%emt 0:00:06]} Kh7 {[%emt 0:00:58]} 40. Rg2 {[%emt 0:00:26]} a5 {[%emt 0:00:10]} 41. Rg3 {[%emt 0:30:23]} Rc4 {[%emt 0:30:31]} 42. Rc3 {[%emt 0:00:05]} Rb4 {[%emt 0:00:08]} 43. Ra3 {[%emt 0:00:34]} Rb5 {[%emt 0:00:26]} 44. Nd4 {[%emt 0:00:10]} Rg5 {[%emt 0:00:52]} 45. Nb3 {[%emt 0:00:12]} 1-0

[Event "Skalica Open 2019"]
[Site "Skalica"]
[Date "2019.08.30"]
[Round "8.8"]
[White "Matejovic, Juraj"]
[Black "Husek, Martin"]
[Result "1/2-1/2"]
[WhiteElo "2237"]
[BlackElo "2182"]
[Annotator "NA"]
[PlyCount "50"]
[EventDate "2019.08.25"]
[EventType "swiss"]
[EventCountry "SVK"]
[SourceTitle "playchess.com"]
[Source "ChessBase"]
[SourceQuality "1"]
[TimeControl "40/5400+30:1800+30"]

1. e4 {[%emt 0:00:00]} e5 {[%emt 0:00:00]} 2. Nf3 {[%emt 0:00:00]} Nc6 {[%emt 0:00:00]} 3. Bb5 {[%emt 0:00:12]} a6 {[%emt 0:00:00]} 4. Bxc6 {[%emt 0:00:20]} dxc6 {[%emt 0:00:06]} 5. O-O {[%emt 0:00:16]} Qf6 {[%emt 0:00:20]} 6. d4 {[%emt 0:08:54]} exd4 {[%emt 0:01:07]} 7. Qxd4 {[%emt 0:00:11]} Qxd4 {[%emt 0:02:16]} 8. Nxd4 {[%emt 0:00:08]} Bd7 {[%emt 0:00:18]} 9. Nc3 {[%emt 0:01:38]} O-O-O {[%emt 0:03:43]} 10. Be3 {[%emt 0:06:28]} Bb4 {[%emt 0:08:11]} 11. Nde2 {[%emt 0:03:09]} Ne7 {[%emt 0:01:36]} 12. a3 {[%emt 0:01:58]} Bd6 {[%emt 0:00:35]} 13. Rad1 {[%emt 0:07:28]} Rhe8 {[%emt 0:13:31]} 14. Rd2 {[%emt 0:18:12]} Ng6 {[%emt 0:08:00]} 15. f4 {[%emt 0:02:06]} f6 {[%emt 0:05:32]} 16. h3 {[%emt 0:02:34]} b5 {[%emt 0:05:31]} 17. Nc1 {[%emt 0:24:38]} c5 {[%emt 0:05:00]} 18. Nd3 {[%emt 0:06:22]} Bc6 {[%emt 0:06:46]} 19. Nxc5 {[%emt 0:00:41]} f5 {[%emt 0:18:51]} 20. e5 {[%emt 0:01:44]} Nxe5 {[%emt 0:00:17]} 21. fxe5 {[%emt 0:05:15]} Rxe5 {[%emt 0:00:22]} 22. Nd3 {[%emt 0:00:54]} Rxe3 {[%emt 0:00:28]} 23. Rxf5 {[%emt 0:00:02]} Rg3 {[%emt 0:05:21]} 24. Re2 {[%emt 0:00:49]} Bd7 {[%emt 0:04:22]} 25. Rh5 {[%emt 0:00:14]} h6 {[%emt 0:02:14]} 1/2-1/2

[Event "Skalica Open 2019"]
[Site "Skalica"]
[Date "2019.08.30"]
[Round "8.9"]
[White "Gasa, Patrik"]
[Black "Istona, Martin"]
[Result "1/2-1/2"]
[WhiteElo "2187"]
[BlackElo "2235"]
[Annotator "NA"]
[PlyCount "23"]
[EventDate "2019.08.25"]
[EventType "swiss"]
[EventCountry "SVK"]
[SourceTitle "playchess.com"]
[Source "ChessBase"]
[SourceQuality "1"]
[TimeControl "40/5400+30:1800+30"]

1. Nf3 {[%emt 0:11:35]} Nf6 {[%emt 0:00:00]} 2. c4 {[%emt 0:00:04]} g6 {[%emt 0:00:13]} 3. b4 {[%emt 0:01:33]} Bg7 {[%emt 0:00:06]} 4. Bb2 {[%emt 0:00:04]} O-O {[%emt 0:00:19]} 5. e3 {[%emt 0:00:38]} c6 {[%emt 0:00:44]} 6. Be2 {[%emt 0:00:55]} d5 {[%emt 0:00:36]} 7. O-O {[%emt 0:00:26]} a5 {[%emt 0:00:49]} 8. cxd5 {[%emt 0:11:46]} Nxd5 {[%emt 0:00:59]} 9. Bxg7 {[%emt 0:01:02]} Kxg7 {[%emt 0:00:07]} 10. bxa5 {[%emt 0:09:15]} Qxa5 {[%emt 0:04:07]} 11. Qb3 {[%emt 0:03:34]} Qb4 {[%emt 0:11:52]} 12. Nc3 {[%emt 0:00:17]} 1/2-1/2

[Event "Skalica Open 2019"]
[Site "Skalica"]
[Date "2019.08.30"]
[Round "8.10"]
[White "Jablonicky, Martin"]
[Black "Kuznetsov, Mikhail V."]
[Result "1-0"]
[WhiteElo "2343"]
[BlackElo "2261"]
[Annotator "NA"]
[PlyCount "71"]
[EventDate "2019.08.25"]
[EventType "swiss"]
[EventCountry "SVK"]
[SourceTitle "playchess.com"]
[Source "ChessBase"]
[SourceQuality "1"]
[TimeControl "40/5400+30:1800+30"]

1. Nf3 {[%emt 0:05:35]} Nf6 {[%emt 0:02:32]} 2. g3 {[%emt 0:00:06]} g6 {[%emt 0:00:24]} 3. Bg2 {[%emt 0:00:05]} Bg7 {[%emt 0:00:04]} 4. O-O {[%emt 0:00:04]} O-O {[%emt 0:00:33]} 5. d4 {[%emt 0:00:03]} d5 {[%emt 0:00:07]} 6. c4 {[%emt 0:00:11]} dxc4 {[%emt 0:00:28]} 7. Na3 {[%emt 0:01:34]} c3 {[%emt 0:00:05]} 8. bxc3 {[%emt 0:00:09]} c5 {[%emt 0:00:17]} 9. Rb1 {[%emt 0:01:38]} Ne4 {[%emt 0:09:34]} 10. Qc2 {[%emt 0:01:55]} Nd6 {[%emt 0:01:42]} 11. e4 {[%emt 0:01:13]} Qa5 {[%emt 0:03:56]} 12. e5 {[%emt 0:08:03]} Bf5 {[%emt 0:03:36]} 13. Qb3 {[%emt 0:00:15]} Ne4 {[%emt 0:08:38]} 14. Nh4 {[%emt 0:06:08]} Nc6 {[%emt 0:06:48]} 15. Nxf5 {[%emt 0:09:05]} gxf5 {[%emt 0:00:15]} 16. Qxb7 {[%emt 0:00:24]} Rac8 {[%emt 0:01:15]} 17. Bxe4 {[%emt 0:02:52]} fxe4 {[%emt 0:00:36]} 18. Rb5 {[%emt 0:00:01]} Qxc3 {[%emt 0:05:35]} 19. Rxc5 {[%emt 0:01:58]} Na5 {[%emt 0:05:34]} 20. Qxc8 {[%emt 0:28:55]} Rxc8 {[%emt 0:00:11]} 21. Rxc3 {[%emt 0:00:04]} Rxc3 {[%emt 0:00:08]} 22. Bb2 {[%emt 0:00:08]} Rd3 {[%emt 0:05:14]} 23. Rc1 {[%emt 0:01:43]} Bh6 {[%emt 0:00:26]} 24. Rc8+ {[%emt 0:01:03]} Kg7 {[%emt 0:00:03]} 25. Nc2 {[%emt 0:01:09]} Rd1+ {[%emt 0:08:22]} 26. Kg2 {[%emt 0:00:06]} Rd2 {[%emt 0:00:03]} 27. Bc1 {[%emt 0:09:33]} e3 {[%emt 0:01:35]} 28. Nxe3 {[%emt 0:00:02]} Bxe3 {[%emt 0:00:14]} 29. Bxd2 {[%emt 0:00:03]} Bxd2 {[%emt 0:00:04]} 30. d5 Bb4 {[%emt 0:02:22]} 31. f4 {[%emt 0:00:17]} h5 {[%emt 0:05:02]} 32. Kf3 {[%emt 0:01:24]} a6 {[%emt 0:01:37]} 33. g4 {[%emt 0:01:50]} hxg4+ {[%emt 0:01:15]} 34. Kxg4 {[%emt 0:00:02]} Ba3 {[%emt 0:00:26]} 35. Rc7 {[%emt 0:00:36]} Kg6 {[%emt 0:00:49]} 36. Rc6+ {[%emt 0:05:02]} 1-0

[Event "Skalica Open 2019"]
[Site "Skalica"]
[Date "2019.08.30"]
[Round "8.12"]
[White "Bochnicka, Vladimir"]
[Black "Havelka, Ondrej"]
[Result "0-1"]
[WhiteElo "2193"]
[BlackElo "2112"]
[Annotator "NA"]
[PlyCount "60"]
[EventDate "2019.08.25"]
[EventType "swiss"]
[EventCountry "SVK"]
[SourceTitle "playchess.com"]
[Source "ChessBase"]
[SourceQuality "1"]
[TimeControl "40/5400+30:1800+30"]

1. e4 {[%emt 0:00:00]} e6 {[%emt 0:00:00]} 2. d4 {[%emt 0:00:00]} d5 {[%emt 0:00:00]} 3. exd5 {[%emt 0:00:02]} exd5 {[%emt 0:00:55]} 4. c4 {[%emt 0:00:22]} Bb4+ {[%emt 0:00:06]} 5. Nc3 {[%emt 0:00:09]} Nf6 {[%emt 0:00:15]} 6. Bd3 {[%emt 0:01:17]} O-O {[%emt 0:00:27]} 7. Nge2 {[%emt 0:00:08]} Bg4 {[%emt 0:00:19]} 8. f3 {[%emt 0:05:26]} Bh5 {[%emt 0:01:12]} 9. O-O {[%emt 0:01:28]} dxc4 {[%emt 0:01:56]} 10. Bxc4 {[%emt 0:01:37]} Nc6 {[%emt 0:02:15]} 11. a3 {[%emt 0:02:00]} Ba5 {[%emt 0:00:47]} 12. Be3 {[%emt 0:01:27]} Qd7 {[%emt 0:02:18]} 13. Bf2 {[%emt 0:12:49]} Rad8 {[%emt 0:01:40]} 14. Qc1 {[%emt 0:03:08]} Bb6 {[%emt 0:01:14]} 15. Rd1 {[%emt 0:00:40]} Ne7 {[%emt 0:07:37]} 16. d5 {[%emt 0:18:37]} Bxf2+ {[%emt 0:02:54]} 17. Kxf2 {[%emt 0:01:52]} Bg6 {[%emt 0:01:12]} 18. g4 {[%emt 0:11:03]} h5 {[%emt 0:04:54]} 19. h3 {[%emt 0:01:46]} Nc8 {[%emt 0:01:14]} 20. Qg5 {[%emt 0:09:51]} Qd6 {[%emt 0:05:13]} 21. Kg2 {[%emt 0:03:15]} Rfe8 {[%emt 0:01:25]} 22. Nf4 {[%emt 0:11:41]} Re5 {[%emt 0:02:42]} 23. Qh4 {[%emt 0:00:08]} Nb6 {[%emt 0:09:24]} 24. Bb3 {[%emt 0:01:20]} Rde8 {[%emt 0:01:54]} 25. Nxg6 {[%emt 0:01:19]} Re2+ {[%emt 0:04:26]} 26. Nxe2 {[%emt 0:02:14]} Rxe2+ {[%emt 0:00:01]} 27. Kf1 {[%emt 0:00:20]} Qh2 {[%emt 0:00:14]} 28. Nf4 {[%emt 0:01:48]} Rxb2 {[%emt 0:00:15]} 29. Rd2 {[%emt 0:02:16]} Rxd2 {[%emt 0:00:16]} 30. Ke1 {[%emt 0:00:12]} Rb2 {[%emt 0:04:28]} 0-1

[Event "Skalica Open 2019"]
[Site "Skalica"]
[Date "2019.08.30"]
[Round "8.13"]
[White "Kalisky, Vladimir"]
[Black "Londin, Simon"]
[Result "1-0"]
[WhiteElo "2179"]
[BlackElo "2038"]
[Annotator "NA"]
[PlyCount "83"]
[EventDate "2019.08.25"]
[EventType "swiss"]
[EventCountry "SVK"]
[SourceTitle "playchess.com"]
[Source "ChessBase"]
[SourceQuality "1"]
[TimeControl "40/5400+30:1800+30"]

1. Nf3 {[%emt 0:00:00]} c5 {[%emt 0:12:10]} 2. g3 {[%emt 0:00:34]} Nc6 {[%emt 0:00:10]} 3. c4 {[%emt 0:00:33]} e5 {[%emt 0:00:07]} 4. Nc3 {[%emt 0:00:38]} Nge7 {[%emt 0:00:30]} 5. Bg2 {[%emt 0:00:49]} d6 {[%emt 0:01:54]} 6. d3 {[%emt 0:00:48]} g6 {[%emt 0:00:43]} 7. O-O {[%emt 0:01:35]} Bg7 {[%emt 0:00:03]} 8. Rb1 {[%emt 0:03:17]} O-O {[%emt 0:00:16]} 9. a3 {[%emt 0:00:18]} f5 {[%emt 0:01:04]} 10. Ne1 {[%emt 0:01:19]} Be6 {[%emt 0:14:28]} 11. Nd5 {[%emt 0:01:47]} h6 {[%emt 0:00:58]} 12. Nc2 {[%emt 0:02:32]} g5 {[%emt 0:03:04]} 13. b4 {[%emt 0:01:29]} Rb8 {[%emt 0:04:21]} 14. e3 {[%emt 0:02:54]} Qd7 {[%emt 0:01:02]} 15. b5 {[%emt 0:02:17]} Nd8 {[%emt 0:00:37]} 16. f4 {[%emt 0:05:25]} Nxd5 {[%emt 0:05:10]} 17. cxd5 {[%emt 0:01:28]} Bf7 {[%emt 0:00:01]} 18. a4 {[%emt 0:02:11]} Bg6 {[%emt 0:02:06]} 19. Na3 {[%emt 0:01:09]} Nf7 {[%emt 0:01:23]} 20. Nc4 {[%emt 0:01:10]} Rbe8 {[%emt 0:10:09]} 21. Bb2 {[%emt 0:07:32]} Re7 {[%emt 0:02:22]} 22. Bf3 {[%emt 0:10:40]} exf4 {[%emt 0:10:06]} 23. Bxg7 {[%emt 0:04:54]} Kxg7 {[%emt 0:00:10]} 24. exf4 {[%emt 0:00:48]} Rfe8 {[%emt 0:06:39]} 25. Qd2 {[%emt 0:06:44]} g4 {[%emt 0:02:07]} 26. Bd1 {[%emt 0:01:38]} Qd8 {[%emt 0:00:22]} 27. a5 {[%emt 0:00:29]} Rf8 {[%emt 0:03:03]} 28. Ba4 {[%emt 0:01:45]} h5 {[%emt 0:01:51]} 29. Qc3+ {[%emt 0:02:44]} Kh7 {[%emt 0:03:26]} 30. b6 {[%emt 0:00:43]} a6 {[%emt 0:00:11]} 31. Rbe1 {[%emt 0:00:39]} Nh6 {[%emt 0:02:55]} 32. Rxe7+ {[%emt 0:00:50]} Qxe7 {[%emt 0:00:01]} 33. Re1 {[%emt 0:00:12]} Qd8 {[%emt 0:02:58]} 34. Re6 {[%emt 0:00:10]} Nf7 {[%emt 0:01:25]} 35. Kf2 {[%emt 0:07:51]} h4 {[%emt 0:01:56]} 36. Qf6 {[%emt 0:02:44]} hxg3+ {[%emt 0:00:07]} 37. hxg3 {[%emt 0:00:07]} Qxf6 {[%emt 0:00:14]} 38. Rxf6 {[%emt 0:00:02]} Rd8 {[%emt 0:00:54]} 39. Re6 {[%emt 0:00:14]} Kg7 {[%emt 0:03:13]} 40. Re7 {[%emt 0:00:21]} Rb8 {[%emt 0:00:22]} 41. Bc6 {[%emt 0:32:04]} bxc6 {[%emt 0:31:29]} 42. dxc6 {[%emt 0:00:14]} 1-0

[Event "Skalica Open 2019"]
[Site "Skalica"]
[Date "2019.08.30"]
[Round "8.14"]
[White "Jun, Rudolf Jr."]
[Black "Kantorik, Marian"]
[Result "1-0"]
[WhiteElo "2114"]
[BlackElo "2164"]
[Annotator "NA"]
[PlyCount "108"]
[EventDate "2019.08.25"]
[EventType "swiss"]
[EventCountry "SVK"]
[SourceTitle "playchess.com"]
[Source "ChessBase"]
[SourceQuality "1"]
[TimeControl "40/5400+30:1800+30"]

1. e4 {[%emt 0:00:48]} d6 {[%emt 0:00:35]} 2. d4 {[%emt 0:01:13]} Nf6 {[%emt 0:00:13]} 3. Nc3 {[%emt 0:00:39]} e5 {[%emt 0:00:08]} 4. Nf3 {[%emt 0:01:13]} Nbd7 {[%emt 0:00:15]} 5. Bc4 {[%emt 0:06:24]} Be7 {[%emt 0:00:19]} 6. O-O {[%emt 0:02:32]} c6 {[%emt 0:01:07]} 7. Bb3 {[%emt 0:05:56]} h6 {[%emt 0:01:45]} 8. a4 {[%emt 0:03:10]} Qc7 {[%emt 0:00:26]} 9. Nh4 {[%emt 0:08:21]} exd4 {[%emt 0:07:28]} 10. Qxd4 {[%emt 0:00:41]} Nc5 {[%emt 0:00:16]} 11. Ba2 {[%emt 0:01:08]} Be6 {[%emt 0:00:37]} 12. b4 {[%emt 0:02:23]} Bxa2 {[%emt 0:01:14]} 13. Rxa2 {[%emt 0:00:37]} Ne6 {[%emt 0:00:07]} 14. Qd3 {[%emt 0:01:23]} g6 {[%emt 0:01:07]} 15. f4 {[%emt 0:08:09]} Ng4 {[%emt 0:07:29]} 16. Nf3 {[%emt 0:02:23]} O-O-O {[%emt 0:11:05]} 17. h3 {[%emt 0:00:39]} Nf6 {[%emt 0:00:09]} 18. Be3 {[%emt 0:04:53]} d5 {[%emt 0:02:38]} 19. exd5 {[%emt 0:01:26]} Nxd5 {[%emt 0:01:40]} 20. Nxd5 {[%emt 0:00:16]} Rxd5 {[%emt 0:00:31]} 21. Qc4 {[%emt 0:00:24]} Kb8 {[%emt 0:02:48]} 22. Ne5 {[%emt 0:01:24]} Bf6 {[%emt 0:02:05]} 23. b5 {[%emt 0:03:16]} Bxe5 {[%emt 0:01:26]} 24. b6 {[%emt 0:01:26]} axb6 {[%emt 0:01:16]} 25. fxe5 {[%emt 0:00:08]} Rhd8 {[%emt 0:05:27]} 26. Rb2 {[%emt 0:01:20]} Qxe5 {[%emt 0:02:13]} 27. Rb3 {[%emt 0:00:33]} b5 {[%emt 0:19:16]} 28. axb5 {[%emt 0:00:42]} cxb5 {[%emt 0:00:39]} 29. Qg4 {[%emt 0:00:32]} h5 {[%emt 0:04:11]} 30. Qe2 {[%emt 0:06:03]} f5 {[%emt 0:08:48]} 31. c4 {[%emt 0:09:05]} bxc4 {[%emt 0:01:47]} 32. Ra3 {[%emt 0:01:24]} Nc7 {[%emt 0:04:26]} 33. Rfa1 {[%emt 0:04:55]} f4 {[%emt 0:02:41]} 34. Ba7+ {[%emt 0:00:52]} Kc8 {[%emt 0:00:09]} 35. Qc2 {[%emt 0:01:00]} f3 {[%emt 0:02:09]} 36. Bb6 {[%emt 0:01:43]} Qe2 {[%emt 0:02:30]} 37. Ra8+ {[%emt 0:04:03]} Kd7 {[%emt 0:01:15]} 38. Rxd8+ {[%emt 0:02:28]} Kxd8 {[%emt 0:00:06]} 39. Qxg6 {[%emt 0:00:16]} Qxg2+ {[%emt 0:01:19]} 40. Qxg2 {[%emt 0:00:06]} fxg2 {[%emt 0:00:07]} 41. Rc1 {[%emt 0:30:18]} Rb5 {[%emt 0:30:32]} 42. Bxc7+ {[%emt 0:01:19]} Kxc7 {[%emt 0:00:07]} 43. Rxc4+ {[%emt 0:00:05]} Kd6 {[%emt 0:00:32]} 44. Kxg2 {[%emt 0:00:04]} Rc5 {[%emt 0:01:03]} 45. Rb4 {[%emt 0:00:49]} b5 {[%emt 0:00:08]} 46. Kg3 {[%emt 0:00:14]} Rc3+ {[%emt 0:00:52]} 47. Kg2 {[%emt 0:00:04]} Rc5 {[%emt 0:00:23]} 48. Kg3 {[%emt 0:00:16]} Rd5 {[%emt 0:00:46]} 49. Rb1 {[%emt 0:00:32]} Kc5 {[%emt 0:00:20]} 50. Rc1+ {[%emt 0:00:03]} Kb6 {[%emt 0:00:03]} 51. Rb1 {[%emt 0:00:15]} Rd4 {[%emt 0:00:09]} 52. Kf3 {[%emt 0:00:14]} b4 {[%emt 0:00:08]} 53. Ke3 {[%emt 0:00:28]} Rc4 {[%emt 0:01:44]} 54. Kd2 {[%emt 0:00:24]} Kb5 {[%emt 0:00:32]} 1-0

[Event "Skalica Open 2019"]
[Site "Skalica"]
[Date "2019.08.30"]
[Round "8.15"]
[White "Sefcik, Marek"]
[Black "Bilczewski, Kacper"]
[Result "0-1"]
[WhiteElo "2024"]
[BlackElo "2116"]
[Annotator "NA"]
[PlyCount "52"]
[EventDate "2019.08.25"]
[EventType "swiss"]
[EventCountry "SVK"]
[SourceTitle "playchess.com"]
[Source "ChessBase"]
[SourceQuality "1"]
[TimeControl "40/5400+30:1800+30"]

1. e4 {[%emt 0:00:00]} e6 {[%emt 0:00:00]} 2. d3 {[%emt 0:01:15]} b6 {[%emt 0:00:00]} 3. Nf3 {[%emt 0:01:04]} Bb7 {[%emt 0:00:00]} 4. g3 {[%emt 0:00:27]} d5 {[%emt 0:00:20]} 5. Nbd2 {[%emt 0:01:09]} Nf6 {[%emt 0:00:30]} 6. e5 {[%emt 0:01:19]} Nfd7 {[%emt 0:00:04]} 7. Bg2 {[%emt 0:00:38]} c5 {[%emt 0:00:03]} 8. O-O {[%emt 0:00:25]} Nc6 {[%emt 0:00:15]} 9. Re1 {[%emt 0:00:23]} Qc7 {[%emt 0:00:33]} 10. Qe2 {[%emt 0:00:44]} Be7 {[%emt 0:01:11]} 11. Nf1 {[%emt 0:01:42]} O-O-O {[%emt 0:00:28]} 12. h4 {[%emt 0:03:46]} h6 {[%emt 0:00:07]} 13. Bf4 {[%emt 0:03:45]} Rdg8 {[%emt 0:00:18]} 14. g4 {[%emt 0:16:34]} Bxh4 {[%emt 0:10:30]} 15. Nxh4 {[%emt 0:04:18]} g5 {[%emt 0:00:04]} 16. Bg3 {[%emt 0:21:31]} gxh4 {[%emt 0:00:05]} 17. Bxh4 {[%emt 0:00:47]} Qxe5 {[%emt 0:05:53]} 18. Qd2 {[%emt 0:20:25]} Qd4 {[%emt 0:03:23]} 19. Nh2 {[%emt 0:01:09]} Nce5 {[%emt 0:15:07]} 20. Bg3 {[%emt 0:03:46]} Nxg4 {[%emt 0:00:37]} 21. Nf3 {[%emt 0:04:11]} Qf6 {[%emt 0:01:42]} 22. d4 {[%emt 0:00:16]} h5 {[%emt 0:04:55]} 23. dxc5 {[%emt 0:08:09]} Nxc5 {[%emt 0:05:51]} 24. Ne5 {[%emt 0:03:19]} Nxe5 {[%emt 0:00:09]} 25. Rxe5 {[%emt 0:00:20]} h4 {[%emt 0:00:57]} 26. Bh2 {[%emt 0:00:47]} h3 {[%emt 0:00:31]} 0-1